| 000 | 00540nam a2200169Ia 4500 | ||
|---|---|---|---|
| 003 | LDD | ||
| 008 | 190117s9999 xx 000 0 und d | ||
| 020 |
_a8170553369 _c₹150 |
||
| 040 | _cLDD | ||
| 041 | _ahi | ||
| 082 | _ah 070.4 स59212 | ||
| 100 | _aराजकिशोर | ||
| 245 | 0 |
_aसमकालीन पत्रकारिता _b मूल्यांकन और मुद्दे _cराजकिशोर |
|
| 260 |
_aनई दिल्ली _bवाणी _c1994 |
||
| 300 | _a200प्र. | ||
| 942 |
_2ddc _cH |
||
| 999 |
_c168286 _d168286 |
||